| 000 | 00869nas a2200265 i 4500 | ||
|---|---|---|---|
| 001 | 927 | ||
| 003 | ES-MaACL | ||
| 005 | 20250217134004.0 | ||
| 007 | t| | ||
| 008 | 950801d19481956sp | | 1 ||pa d | ||
| 022 | _a0016-4011 | ||
| 080 | _a615.012/.014 | ||
| 245 | 0 | 0 |
_aGalénica acta _b: anales del Laboratorio de Farmacia Galénica / _c[dir. Eugenio Selles]. |
| 260 |
_aMadrid : _bConsejo Superior de Investigaciones Científicas, Patronato "Santiago Ramón y Cajal", _c1948-circa.1976. |
||
| 300 |
_a2 v. ; _c25 cm. |
||
| 310 | _aSemestral | ||
| 362 | 0 | _aT. I (1948)-(ca.1976) | |
| 650 | 1 | 4 |
_aFarmacología. _912725 |
| 650 | 4 |
_aFarmacia galénica. _912723 |
|
| 700 | 1 |
_aSellés, Eugenio. _9105330 |
|
| 710 | 2 |
_aConsejo Superior de Investigaciones Científicas (España) _93236 |
|
| 852 |
_aES-MaACL _jHem-618 |
||
| 866 | 0 | _o1948-49. | |
| 999 |
_c927 _d927 |
||